Three Images: Guess the Writer Quiz Stats

 Plays Quiz Updated Jan 20, 2015

Score 0/15 Timer 07:00
0 Plays Today
% Correct
J.K. Rowling
93%
Mark Twain
87.8%
Agatha Christie
82.2%
Mary Shelley
82.2%
Stephen King
77.2%
Charles Dickens
74.2%
Beatrix Potter
69.5%
Maya Angelou
64.2%
% Correct
Michael Crichton
61.6%
Stephen Hawking
58%
John Grisham
51.8%
George R.R. Martin
47.8%
Edgar Rice Burroughs
36.7%
Nostradamus
33%
Anton Chekhov
18.6%

You're not logged in!

Compare scores with friends on all Sporcle quizzes.
Join for Free
OR
Log In

You Might Also Like...

Show Comments

Extras

Top Quizzes Today


Score Distribution

Your Account Isn't Verified!

In order to create a playlist on Sporcle, you need to verify the email address you used during registration. Go to your Sporcle Settings to finish the process.

Report this User

Report this user for behavior that violates our Community Guidelines.

Details: